| 000 | 00352nam a2200133Ia 4500 | ||
|---|---|---|---|
| 008 | 260604s9999 xx 000 0 und d | ||
| 020 | _a9780691165394 | ||
| 082 | _a399 AGE | ||
| 100 |
_aAGENOR [PIERRE-RICHARD] _935578 |
||
| 245 | 0 | _aDEVELOPMENT MACROECONOMICS, 4TH ED. | |
| 260 | _bPRINCETON UNIVERSITY PRESS | ||
| 500 | _aMacroeconomics | ||
| 942 | _cBK | ||
| 999 |
_c8401 _d8401 |
||